000 00480nam a2200181Ia 4500
008 180207s9999 xx 000 0 und d
020 _a9788131917404
050 _bA316 [2001]
245 _aAladdin and the cunning magician /
245 _cillustrated by Suman S. Roy.
260 _aNew Delhi, India :
260 _bKuldeep Jain,
260 _c[2001]
300 _a16 pages :
300 _bcolor illustration ;
300 _c28cm.
650 _aAladdin & his adventures.
999 _c355671
_d355671